Access all areas. (Record no. 60850)

MARC details
000 -LEADER
fixed length control field 00736cam a2200205 4500
001 - CONTROL NUMBER
control field ABS61160
008 - FIXED-LENGTH DATA ELEMENTS--GENERAL INFORMATION
fixed length control field 000000n1999 000 0 eng u
035 ## - SYSTEM CONTROL NUMBER
System control number (Sirsi) u101725
100 ## - MAIN ENTRY--PERSONAL NAME
Personal name Baker, B.
245 ## - TITLE STATEMENT
Title Access all areas.
260 ## - PUBLICATION, DISTRIBUTION, ETC.
Date of publication, distribution, etc. 1999
490 ## - SERIES STATEMENT
Series statement Surveyor
Volume/sequential designation 26 August 1999, 10-12(3)
520 ## - SUMMARY, ETC.
Summary, etc. Developers of out-of-town shopping centres, such as Bluewater and the Trafford Centre in Manchester are working on improving transport networks in the surrounding areas, to improve access and reduce problems in town centres.
650 ## - SUBJECT ADDED ENTRY--TOPICAL TERM
Topical term or geographic name entry element SHOPPING CENTRES
650 ## - SUBJECT ADDED ENTRY--TOPICAL TERM
Topical term or geographic name entry element OUT-OF-TOWN SHOPPING CENTRES
650 ## - SUBJECT ADDED ENTRY--TOPICAL TERM
Topical term or geographic name entry element RETAIL DEVELOPMENT
650 ## - SUBJECT ADDED ENTRY--TOPICAL TERM
Topical term or geographic name entry element DEVELOPERS
690 ## - LOCAL SUBJECT ADDED ENTRY--TOPICAL TERM (OCLC, RLIN)
Topical term or geographic name as entry element TRANSPORT AND COMMUNICATION
942 ## - ADDED ENTRY ELEMENTS (KOHA)
Suppress in OPAC 0
Holdings
Withdrawn status Lost status Source of classification or shelving scheme Damaged status Not for loan Home library Current library Shelving location Date acquired Total Checkouts Full call number Barcode Date last seen Copy number Price effective from Koha item type
    Dewey Decimal Classification     London London Journal article 10/11/1999   ABS61160 101725-1001 06/08/2019 1 06/08/2019 Journal article